[Event "Oberfranken-ch U14 1213"]
[Site "Schney"]
[Date "2013.01.03"]
[Round "2"]
[White "Koedel, Christian"]
[Black "Seel, Arthur"]
[Result "1-0"]
[WhiteElo "1000"]
[BlackElo "823"]
[PlyCount "27"]
[EventDate "2013.01.03"]
[EventType "swiss"]
[EventRounds "7"]
[EventCountry "GER"]
[SourceTitle "EXT 2015"]
[Source "ChessBase"]
[SourceDate "2014.11.20"]
[SourceVersion "1"]
[SourceVersionDate "2014.11.20"]
[SourceQuality "1"]

1. e4 e5 2. Nf3 Nc6 3. d4 exd4 4. Nxd4 Nxd4 5. Qxd4 Nf6 6. Nc3 b6 7. Be2 Bc5 8. Qc4 0-0 9. e5 d5 10. Qf4 Ne4 11. Nxe4 dxe4 12. Qxe4 Rb8 13. Bd3 Bb7 14. Qxh7# 1-0

[Event "Oberfranken-ch U14 1213"]
[Site "Schney"]
[Date "2013.01.03"]
[Round "6"]
[White "Ondrej, Christoph"]
[Black "Seel, Arthur"]
[Result "0-1"]
[WhiteElo "819"]
[BlackElo "823"]
[PlyCount "62"]
[EventDate "2013.01.03"]
[EventType "swiss"]
[EventRounds "7"]
[EventCountry "GER"]
[SourceTitle "EXT 2015"]
[Source "ChessBase"]
[SourceDate "2014.11.20"]
[SourceVersion "1"]
[SourceVersionDate "2014.11.20"]
[SourceQuality "1"]

1. e4 e5 2. Nf3 Nc6 3. Bc4 Bc5 4. d3 d6 5. Nc3 Bg4 6. Bg5 f6 7. Bh4 g5 8. h3 Bxf3 9. Qxf3 Nd4 10. Qd1 gxh4 11. 0-0 b5 12. Bxb5+ Nxb5 13. Nxb5 Rb8 14. Nc3 Rxb2 15. Qc1 Qb8 16. Na4 Rb4 17. Rb1 Ne7 18. c3 Rb7 19. Qc2 Nc6 20. Rb2 Ba3 21. Rfb1 Bxb2 22. Nxb2 0-0 23. Kf1 f5 24. Kg1 fxe4 25. dxe4 Na5 26. a3 Nc4 27. Nxc4 Rxb1+ 28. Qxb1 Qxb1+ 29. Kh2 Rxf2 30. a4 Qxe4 31. Kg1 Qxg2# 0-1